01207nam0a22002411 4500001001100000005001700011021001900028035002600047100004100073101000800114102000700122105001800129200009100147210005200238215002200290327024400312464025800556700006000814702002700874801001800901801002200919852002400941rc\395043220250610131248.0 aRUb[56-11040] a(NLR Aleph) 007923234 a20130415d1955 |||y0rusy50 ca0 arus aRU aa z |||a|1 aНаши знакомыеeЮморист. рассказыf[Ил.: Р. Овивян] aБарнаулcАлт. кн. изд-воd1955 a80 с.cил.d201 aСодерж.: Федот Матвеевич; Вспышка; Болезнь Перекатова; Неизбежная встреча; Выигрыш; Звонок; Штрафной удар; Возвращение; Знакомство 012001#$aФедот Матвеевич$aВспышка$aБолезнь Перекатова$aНеизбежная встреча$aВыигрыш$aЗвонок$aШтрафной удар$aВозвращение$aЗнакомствоtЗнакомство 1aШевцовbН.И.gНиколай Иванович 1aОвивянbР.4440 0aRUbNLRgpsbo 1aRUbELAR2rusmarc aNLRjЛ30 Г-4/1414